000 00590nam a2200181Ia 4500
008 090124s9999 xx 000 0 und d
082 _b29236
_a3921
100 _aमहानोर ना.धांे.
245 _a ऐसी कळवळ्याची जाती
250 _a1
260 _c1997
300 _a168
600 _aमहानोर ना.धांे.
630 _a ऐसी कळवळ्याची जाती
700 _aमहानोर ना.धांे.
730 _a ऐसी कळवळ्याची जाती
942 _cBOOK
999 _c142690
_d142690